Evénements du 10 octobre - Statistiques

Statistiques générales
  • Ce quiz a été pris 29 fois
  • Le résultat moyen est 7 sur 15
Statistiques - réponses
Hint Réponse % Correct
Naissance de l'acteur Francis Perrin 1947
85%
Naissance du FLN en Algérie 1954
85%
Concile de Paris 614
55%
Ouverture des JO de Tokyo 1964
50%
Naissance du peintre Antoine Watteau 1684
45%
Maximilien d'Autriche accepte le trône du Mexique 1863
45%
Naissance du maréchal Koenig 1898
45%
Fin du percement du canal de Panama 1913
45%
Indépendance des Fidji 1970
45%
Naissance du compositeur Giuseppe Verdi 1813
35%
Naissance du peintre Alberto Giacometti 1901
35%
Naissance du peintre Nicolas de Largillierre 1656
30%
Traité de Paris entre la France et la Russie 1801
30%
Ouverture de la bibliothèque numérique Gallica 1997
20%
Dissolution des Antilles néerlandaises 2010
15%
Aucun quiz correspondant
Distribution des résultats
% des personnes avec chaque résultat
Percentile par nombre de réponses
Votre historique - résultats
Vous n’avez pas pris ce quiz